000 00696nam a2200289Ia 4500
005 20260324133020.0
008 008 260324s9999 xx 000 0 eng d
020 _a9781849771306
037 _aEBOOK
040 _aCRL
040 _beng
040 _cCRL
041 _2eng
041 _aeng
084 _qCRL
100 _aRagnar E. Lofstedt; Asa Boholm
_91191481
245 0 _aFacility Siting
245 0 _bRisk, Power and Identity in Land Use Planning
260 _bTaylor and Francis
260 _c2004
365 _a
365 _b300
856 _uhttp://www.taylorfrancis.com/books/9781849771306
942 _cEBOOK
999 _c1790122
_d1790122